Θεόφιλος Καΐρης

Αποθηκεύτηκε σε:
Λεπτομέρειες βιβλιογραφικής εγγραφής
Κύριος συγγραφέας: Πασχάλης, Δημήτριος Π., 1865-1944
Άλλοι συγγραφείς: Κύρκος, Βασίλειος Α., 1934- (Συγγραφέας εισαγωγής κ.λπ.)
Μορφή: Βιβλίο
Γλώσσα:Greek
Δημοσίευση: Αθήνα : Τυπωθήτω, 2000.
Θέματα:
Ετικέτες: Προσθήκη ετικέτας
Δεν υπάρχουν, Καταχωρήστε ετικέτα πρώτοι!

MARC

LEADER 00000cam a2200000 i 4500
001 1/105506
008 090526s2000 gr | ||| |||| ||gre||
020 |a 9607643151 
035 |l 10104855 
040 |a GR-MyUa  |b gre  |e AACR2 
041 0 |a gre 
082 7 |a 921   |2 (22) 
100 1 |a Πασχάλης, Δημήτριος Π.,   |d 1865-1944. 
245 1 0 |a Θεόφιλος Καΐρης /   |c Δημητρίου Π. Πασχάλη. 
260 |a Αθήνα :   |b Τυπωθήτω,   |c 2000. 
300 |a 268 σ. :   |b εικ. ;   |c 24 εκ. 
500 |a Σημείωση στο εξώφυλλο: "Ιστορική και φιλοσοφική μελέτη με ένα εισαγωγικό κείμενο του Β.Α. Κύρκου". 
504 |a Βιβλιογραφία: σ. [230]-236. Ευρετήριο. 
600 1 0 |a Καΐρης, Θεόφιλος,   |d 1784-1853. 
650 0 |a Philosophers  |z Greece  |x Biography. 
650 0 |a Educators  |z Greece  |x Biography. 
700 1 |a Κύρκος, Βασίλειος Α.,   |d 1934-  |e aui 
852 |a INST  |b SYROS  |c KYK  |e 20090526  |h 921 ΠΑΣ  |p 005500008428  |q 005500008428  |t BK  |y 0 
901 |a BIBL5-2009-2 
922 |a 5ΕΛΗ  |b 200710  |c Βιβλιοθήκη Σύρου  |d Σταθόπουλος 
970 |a Καγιαβά  |b Ειρήνη  |z 26/05/2009